[Event "Bled op-B"]
[Site "Bled"]
[Date "1998.??.??"]
[Round "1"]
[White "Mihevc Mohr, Narcisa"]
[Black "Hribovsek, Ivo"]
[Result "1-0"]
[WhiteElo "2205"]
[BlackElo "1985"]
[PlyCount "66"]
[EventDate "1998.03.21"]
[EventType "swiss"]
[EventRounds "9"]
[EventCountry "SLO"]
[SourceTitle "EXT 1999"]
[Source "ChessBase"]
[SourceDate "1998.11.16"]
[SourceVersion "1"]
[SourceVersionDate "1998.11.16"]
[SourceQuality "1"]

1. e4 d5 2. exd5 Nf6 3. d4 Nxd5 4. Bd3 c6 5. c3 Nd7 6. Nf3 N7f6 7. Ne5 g6 8. 0-0 Bg7 9. Bg5 h6 10. Bd2 g5 11. Na3 Be6 12. Nac4 Qc7 13. a4 Rd8 14. b4 Qc8 15. Na5 Ng4 16. Nxg4 Bxg4 17. f3 Be6 18. Qc2 Qc7 19. Rae1 b6 20. Nxc6 0-0 21. Nxd8 Rxd8 22. Kh1 Nf6 23. Rxe6 fxe6 24. Re1 Rd6 25. Qb3 Nd5 26. Rxe6 Rxe6 27. Qxd5 Qc6 28. Bc4 Qxd5 29. Bxd5 Kf7 30. f4 gxf4 31. Bxf4 Bf8 32. Be5 h5 33. c4 Bg7 1-0